MARC details
| 000 -CABECERA |
| campo de control de longitud fija |
00958nam a22002897a 4500 |
| 003 - IDENTIFICADOR DEL NÚMERO DE CONTROL |
| campo de control |
MX-MxUPN |
| 005 - FECHA Y HORA DE LA ÚLTIMA TRANSACCIÓN |
| campo de control |
20241014110735.0 |
| 008 - ELEMENTOS DE LONGITUD FIJA--INFORMACIÓN GENERAL |
| campo de control de longitud fija |
231005t1985 sp a|||gr|||| 00| 0 spa d |
| 020 ## - NÚMERO INTERNACIONAL NORMALIZADO PARA LIBROS |
| Número Internacional Estándar del Libro |
8434581450 |
| 020 ## - NÚMERO INTERNACIONAL NORMALIZADO PARA LIBROS |
| Número Internacional Estándar del Libro |
8434581949 |
| 040 ## - FUENTE DE LA CATALOGACIÓN |
| Centro catalogador/agencia de origen |
MX-MxUPN |
| Lengua de catalogación |
spa |
| Centro/agencia transcriptor |
MX-MxUPN |
| 041 ## - CÓDIGO DE IDIOMA |
| Código de lengua del texto/banda sonora o título independiente |
spa |
| Código de lengua original |
eng |
| 050 14 - SIGNATURA TOPOGRÁFICA DE LA BIBLIOTECA DEL CONGRESO |
| Número de clasificación |
ML410 B4 |
| Número de documento/Ítem |
S26 1985 |
| 100 1# - ASIENTO PRINCIPAL--NOMBRE PERSONAL |
| 9 (RLIN) |
54090 |
| Nombre de persona |
Scott, Marion M. |
| Fechas asociadas al nombre |
1877-1953 |
| Forma completa/desarrollada del nombre |
(Marion Margaret), |
| 240 10 - TÍTULO UNIFORME |
| Título uniforme |
Beethoven. |
| Lenguaje de la obra |
Español |
| 245 10 - MENCIÓN DE TÍTULO |
| Título |
Beethoven |
| 260 ## - PUBLICACIÓN, DISTRIBUCIÓN, ETC. |
| Lugar de publicación, distribución, etc. |
Barcelona : |
| Nombre del editor, distribuidor, etc. |
Salvat editores, |
| Fecha de publicación, distribución, etc. |
©1985. |
| 300 ## - DESCRIPCIÓN FÍSICA |
| Extensión |
227 páginas : |
| Otras características físicas |
ilustraciones |
| 490 0# - MENCIÓN DE SERIE |
| Mención de serie |
Biblioteca salvat de grandes biografías ; |
| Designación de volumen o secuencia |
49 |
| 504 ## - NOTA DE BIBLIOGRAFÍA, ETC. |
| Nota de bibliografía, etc. |
Incluye bibliografía |
| 600 12 - ASIENTO SECUNDARIO DE MATERIA - NOMBRE PERSONAL |
| 9 (RLIN) |
36522 |
| Nombre de persona |
Beethoven, Ludwig van, |
| Fechas asociadas al nombre |
1770-1827 |
| 650 #4 - ASIENTO SECUNDARIO DE MATERIA - TERMINO TEMATICO |
| 9 (RLIN) |
22399 |
| Término de materia o nombre geográfico como elemento de entrada |
Compositores alemanes |
| Subdivisión de forma |
Biografía |
| 700 1# - ASIENTO SECUNDARIO--NOMBRE DE PERSONAL |
| 9 (RLIN) |
54091 |
| Nombre de persona |
Basté, Joan, |
| Fechas asociadas al nombre |
1920- |
| Término indicativo de función/relación |
traducción |
| 700 1# - ASIENTO SECUNDARIO--NOMBRE DE PERSONAL |
| 9 (RLIN) |
54096 |
| Nombre de persona |
Reverter, Arturo |
| Término indicativo de función/relación |
prólogo |
| 902 ## - ELEMENTOS DE DATOS B LOCAL, LDB (RLIN) |
| Creó |
MarielOrtiz/051023 |
| Modificó |
MaríaRobles/141024 |
| 942 ## - ELEMENTOS DE PUNTO DE ACCESO ADICIONAL (KOHA) |
| Fuente del sistema de clasificación o colocación |
Library of Congress Classification |
| Tipo de ítem Koha |
Libro |
| Suprimir en OPAC |
No |